000 00612nam a22001937a 4500
999 _c180821
_d180821
005 20210819114737.0
010 _aB-741142
020 _a9789382996187
_c2015
035 _aB-741142
037 _bGift
082 _aS
100 _aPande, Shanu
245 _aClifford:
_bthe great Indian dog /
_cby Shanu Pande
260 _aNew Delhi
_bPansy Books
_c2015
270 _aRZ 66/A, Somesh VIhar, Chhawala
_bNew Delhi
_e110071
300 _a47p.
_c21cm(pbk)
942 _2ddc
_cCH
_hS
_mPAN